000 00404 a2200145 4500
005 20250408120950.0
020 _a0-02-804161-5
082 _a621. 381 TOK
100 _aTOKHEIM, R. L.
245 _aDigital Electronics: Principal and Applications
250 _a5th Ed.
260 _aNew York,
_bMcGraw-Hill,
_c1999.
300 _aix, 406p.: ill.; figure, picture, table.
_bIndex.
_c29cm.
942 _2ddc
_cBKS
999 _c1200
_d1200